Giáo trình kinh tế chính trị Mác Lênin

Na minha lista:
Detalhes bibliográficos
Autor Corporativo: Bộ Giáo Dục và Đào Tạo
Formato: Livro
Idioma:Undetermined
Publicado em: Hà Nội Chính trị Quốc gia 2004
Assuntos:
Tags: Adicionar Tag
Sem tags, seja o primeiro a adicionar uma tag!
Thư viện lưu trữ: Trung tâm Học liệu Trường Đại học Cần Thơ
LEADER 00636nam a2200193Ia 4500
001 CTU_64134
008 210402s9999 xx 000 0 und d
020 |b 25500 
082 |a 335.412 
082 |b B450 
110 |a Bộ Giáo Dục và Đào Tạo 
245 0 |a Giáo trình kinh tế chính trị Mác Lênin 
245 0 |c Bộ Giáo Dục và Đào Tạo 
260 |a Hà Nội 
260 |b Chính trị Quốc gia 
260 |c 2004 
650 |a Marxism-leninism,Marxian economics,Kinh tế chính trị Mác-Lênin 
904 |i Năm 
980 |a Trung tâm Học liệu Trường Đại học Cần Thơ